WWF/WWE Wrestlemania Moments Quiz - Statistics

General Stats
  • This quiz has been taken 302 times
    24 since last reset
  • The average score is 28 of 42
Answer Stats
Description Wrestlemania % Correct
Edge spears Mick Foley through a flaming table XXII
100%
'The Streak' is ended in The Silverdome, or was it The Superdome? XXX
100%
Yokozuna defends the WWF Championship twice X
94%
Tables Ladders and Chairs 2 (Oh My!) XVII
94%
Boxer Floyd 'Money' Mayweather defeats The Big Show XXIV
94%
This Wrestlemania was held on Monday II
88%
The longest match in Wrestlemania history takes place XII
88%
Liv Morgan wins at Wrestlemania for the first time XXXXII
88%
The first Wrestlemania to be held in The Trump Plaza IV
82%
Bret Hart exacts revenge on Vince McMahon in their Wrestlemania grudge "match" XXVI
82%
Triple H walks to the ring for his eighth Wrestlemania Main Event XXXII
82%
The Superdome is confirmed as a graveyard for streaks as Asuka is finally defeated. XXXIV
82%
The match between The Miz and Shane McMahon is won by Snoop Dogg XXXIX
82%
WrestleRainia XXXVII
82%
The Ultimate Warrior sends Macho Man Randy Savage into "retirement" VII
76%
Stone Cold Steve Austin refuses to tap out to Bret Hart's sharpshooter XIII
76%
Kurt Angle loses two titles without been pinned or made to submit XVI
76%
Edge retains the World Heavyweight Championship in the opening match and The Miz retains the WWE Championship in the main event XXVII
76%
Kofi Kingston competes in his first 1-on-1 singles match at a Wrestlemania XXXV
76%
The Mega Powers Explode V
71%
All three title matches see new champions crowned as Money Inc, Rowdy Roddy Piper and Ric Flair all lose VIII
71%
Bayley competes in her first 1-on-1 singles match at a Wrestlemania XL
71%
He who cannot be mentioned wins the main event XX
71%
The first ever Money In The Bank match takes place XXI
71%
Fandango's first Wrestlemania ends in victory whilst CM Punk's last (for a decade) ends in defeat XXIX
71%
Pamela Anderson accompanies Diesel to the ring for his match while Lawrence Taylor stars in the main event XI
65%
John Cena wins the WWE Championship 20 years after he first won it. XXXXI
65%
Jim Ross wearing a toga and Bobby The Brain Heenan riding a camel IX
59%
Randy Orton beats Seth Rollins but The Architect has his moment at the end of the night XXXI
59%
In perhaps THE Wrestlemania moment Hulk Hogan bodyslams Andre the Giant III
53%
Shawn Michaels and The Undertaker have arguably the greatest match in Wrestlemania history XXV
53%
The oldest person to win a Wrestlemania match triumphs at this event XXXVIII
53%
Muhammed Ali helps to referee the main event I
47%
Trish Stratus fails to win the Women's championship in her home town XVIII
47%
The first ever Wrestlemania Hell in a Cell match occurs XV
41%
Aretha Franklin sings America the Beautiful XXIII
41%
The match one year in the making finally happens as The Rock topples John Cena XXVIII
41%
Highlights from perhaps the best Wrestlemania include a bloody Vince McMahon legdropping Hulk Hogan through the announce table and Stone Cold Steve Austin (temporarily) bowing out as an in-ring performer XIX
35%
Stephanie McMahon is sent crashing through a table XXXIII
35%
The Wrestlemania with the smallest live crowd XXXVI
35%
Pete Rose is assaulted by Kane for the first time XIV
29%
Lance Storm, Christian and Edge are all in the crowd for this Wrestlemania VI
24%
No matching quizzes found
Score Distribution
Percent of People with Each Score
Percentile by Number Answered
Your Score History
You have not taken this quiz since the last reset